| 000 | 00393nam a2200181Ia 4500 | ||
|---|---|---|---|
| 100 | _aSchildt/Herbert | ||
| 650 | _aJava | ||
| 250 | _a5 | ||
| 942 | _cBK | ||
| 366 | _f20 | ||
| 654 | _aJava 2 | ||
| 245 | _aThe complete reference JAVA 2 | ||
| 260 |
_bTata Mc Graw hill Ltd. _aNew Delhi _c1968 |
||
| 082 |
_a005.133J/SCH _bSCH |
||
| 300 | _a17-07-2007 | ||
| 546 | _aENGLISH | ||
| 999 |
_c33486 _d33486 |
||